Эксплуатация судовых котельных и паропроизводящих установок (Запись № 11082987)

Подробности
000 -МАРКЕР
контрольное поле 01746nam0a2200301 4500
001 - ИДЕНТИФИКАТОР ЗАПИСИ
контрольное поле RU\NLR\BIBL_A\011641646
005 - ИДЕНТИФИКАТОР ВЕРСИИ
контрольное поле 20180313141528.0
021 ## - НОМЕР ГОСУДАРСТВЕННОЙ РЕГИСТРАЦИИ
Код страны Российская Федерация
Номер КН-П-18-005650
Номер Листа государственной регистраци КН-П-18-0388
035 ## - ДРУГИЕ СИСТЕМНЫЕ НОМЕРА
Идентификатор записи (NLR Aleph) 011641646
035 ## - ДРУГИЕ СИСТЕМНЫЕ НОМЕРА
Идентификатор записи (RuMoRGB)009529821
100 ## - ДАННЫЕ ОБЩЕЙ ОБРАБОТКИ
Данные общей обработки 20180222d2017 u y0rusy50 ca
101 0# - ЯЗЫК РЕСУРСА
Язык текста, звукозаписи и т.д. русский
102 ## - СТРАНА ПУБЛИКАЦИИ ИЛИ ПРОИЗВОДСТВА
Страна публикации Российская Федерация
105 ## - ПОЛЕ КОДИРОВАННЫХ ДАННЫХ: ТЕКСТОВЫЕ МАТЕРИАЛЫ, МОНОГРАФИЧЕСКИЕ
Кодированные данные о монографическом текстовом документе |||j|||000zy
200 1# - ЗАГЛАВИЕ И СВЕДЕНИЯ ОБ ОТВЕТСТВЕННОСТИ
Основное заглавие Эксплуатация судовых котельных и паропроизводящих установок
Сведения, относящиеся к заглавию учебное пособие
Первые сведения об ответственности А.И. Епихин
Последующие сведения об ответственности Федеральное государственное бюджетное образовательное учреждение высшего образования Государственный морской университет имени адмирала Ф.Ф. Ушакова
210 ## - ПУБЛИКАЦИЯ, РАСПРОСТРАНЕНИЕ И ДР.
Место издания, распространения и т.д. Новороссийск
Имя издателя, распространителя и т. д. РИО ГМУ им. адм. Ф.Ф. Ушакова
Дата издания, распространения и т.д. 2017
215 ## - ФИЗИЧЕСКАЯ ХАРАКТЕРИСТИКА
Специфическое обозначение материала и объем 82 с.
Другие сведения о физической характеристике ил., табл.
Размеры 21
320 ## - ПРИМЕЧАНИЯ О НАЛИЧИИ В ДОКУМЕНТЕ БИБЛИОГРАФИИ / УКАЗАТЕЛЯ
Текст примечания Библиогр.: с. 70 (5 назв.)
606 1# - НАИМЕНОВАНИЕ ТЕМЫ КАК ПРЕДМЕТ
Наименование темы Судовые котельные установки
Формальный подзаголовок Учебные издания для высших учебных заведений
Тематический подзаголовок Эксплуатация
Системный номер авторитетной/нормативной записи 2358471
Идентификатор авторитетной/нормативной записи RU\NLR\AUTH\6601631029
606 1# - НАИМЕНОВАНИЕ ТЕМЫ КАК ПРЕДМЕТ
Наименование темы Судовые паросиловые установки
Формальный подзаголовок Учебные издания для высших учебных заведений
Тематический подзаголовок Эксплуатация
Системный номер авторитетной/нормативной записи 2358482
Идентификатор авторитетной/нормативной записи RU\NLR\AUTH\6601631032
686 1# - ИНДЕКСЫ ДРУГИХ КЛАССИФИКАЦИЙ
Индекс О455.1-082я73-1
700 #1 - ИМЯ ЛИЦА - ПЕРВИЧНАЯ ОТВЕТСТВЕННОСТЬ
Начальный элемент ввода Епихин
Часть имени, кроме начального элемента ввода А. И.
Расширение инициалов личного имени Алексей Иванович
942 ## - ДОПОЛНИТЕЛЬНЫЕ ЭЛЕМЕНТЫ ЗАПИСИ (АБИС)
Тип экземпляра АБИС Книга
980 ## - КОЛЛЕКЦИЯ
Название коллекции НБР
980 ## - КОЛЛЕКЦИЯ
Название коллекции Национальная библиография

Нет доступных экземпляров.